| 000 | 00000nam##2200000za#4500 |
| 001 | 9.647523 |
| 003 | CaOODSP |
| 005 | 20240209132409 |
| 007 | ta |
| 008 | 150407|1999||||xxc||||| f|0| 0 eng|d |
| 020 | |a0-662-28313-9 |
| 040 | |aCaOODSP|beng |
| 043 | |an-cn--- |
| 086 | 1 |aC89-4/59-2-1999E |
| 110 | 2 |aAtlantic Canada Opportunities Agency. |
| 245 | 10|aPlanning for success : |byour guide to preparing a marketing plan |
| 260 | |bAtlantic Canada Opportunities Agency |c1999. |
| 300 | |a12p. : |bgraph, tables ; |c28 cm. |
| 563 | |aSoftcover |
| 590 | |a00-08|b2000-02-25 |
| 690 | 07|aMarket analysis|2gcpds |
| 775 | 08|tPlanifiez votre succès : |w(CaOODSP)9.680940 |
| 776 | 0#|tPlanifiez votre succès : |w(CaOODSP)9.638201 |
| 776 | 0#|tPlanning for success : |w(CaOODSP)9.694018 |